[Event "It (open)"]
[Site "masterchessopen.com - Marianske Lazne (Czech Republic)"]
[Date "2004.01.30"]
[Round "8"]
[White "Krc Milan (CZE)"]
[Black "Zikan Karel (CZE)"]
[Result "0-1"]
[WhiteElo "1836"]
[BlackElo "1846"]

1.c4 c6 2.g3 d5 3.cxd5 cxd5 4.Bg2 Nf6 5.d4 Bf5 6.Nc3 e6 7.Nf3 Nc6 8.O-O Be7
9.e3 O-O 10.a3 Rc8 11.Bd2 Ne4 12.Nxe4 Bxe4 13.Bc3 a6 14.Rc1 Na5 15.Nd2 Bxg2
16.Kxg2 Nc4 17.Nxc4 Rxc4 18.b4 Qd7 19.Qb3 Rfc8 20.Bd2 Qc6 21.Rxc4 dxc4+ {#R}
0-1

[Event "Bayern Regionalliga Northwest 2003/04"]
[Site "masterchessopen.com - Bayern (Germany)"]
[Date "2004.04.25"]
[Round "9"]
[White "Seidens Udo (GER)"]
[Black "Degering Florian"]
[Result "1-0"]
[WhiteElo "2205"]
[BlackElo "1966"]

1.c4 c6 2.g3 d5 3.Bg2 dxc4 4.Nf3 Nd7 5.Qc2 Nb6 6.Na3 Qd5 7.O-O Bf5 8.Qc3 Be4
9.b3 cxb3 10.axb3 Nf6 11.Nc4 Qd8 12.Ba3 e6 13.Bxf8 Kxf8 14.d3 Bxf3 15.Bxf3
Nfd5 16.Qa5 Nxc4 17.Qxd8+ Rxd8 18.bxc4 Nb4 19.Rxa7 b5 20.Rb1 Nc2 21.e3 {#r}
1-0

[Event "It (open)"]
[Site "masterchessopen.com - Schwarzach (Austria)"]
[Round "3"]
[White "Sebenik Matej (SLO)"]
[Black "Hess Christian (GER)"]
[Result "1-0"]
[WhiteElo "2413"]
[BlackElo "2335"]

1.c4 c6 2.Nf3 d5 3.g3 Nf6 4.Bg2 dxc4 5.O-O g6 6.Na3 b5 7.d3 cxd3 8.Ne5 dxe2
9.Qxe2 Nd5 10.Rd1 Bg7 11.Nxc6 Nxc6 12.Bxd5 {#r} 1-0

[Event "Ch ASEAN (juniors) (under 16)"]
[Site "masterchessopen.com - Vietnam"]
[Round "6"]
[White "Pham Duc Thang (VIE)"]
[Black "Yee Soon Wei (BRU)"]
[Result "1-0"]
[WhiteElo "2229"]
[BlackElo "2284"]

1.c4 c6 2.g3 d5 3.Bg2 Nf6 4.Nf3 dxc4 5.Qc2 g6 6.Qxc4 Bg7 7.Nc3 Nbd7 8.d4 O-O
9.O-O Nb6 10.Qd3 h6 11.e4 Be6 12.Rd1 Qc8 13.b3 Bh3 14.Ba3 Bxg2 15.Kxg2 Qc7
16.Rac1 Rfd8 17.Qe2 e6 18.Nb5 Qc8 19.Bc5 Bf8 20.Nxa7 Rxa7 21.Bxb6 Ra6 22.Bxd8
Qxd8 23.Ne5 Qa5 24.Rc2 Bd6 25.Nc4 {#r} 1-0

[Event "It (open)"]
[Site "masterchessopen.com - Zurich (Switzerland)"]
[Round "2"]
[White "Nuri Karo (SUI)"]
[Black "Bucher Michael (SUI)"]
[Result "0-1"]
[WhiteElo "1996"]
[BlackElo "2213"]

1.c4 c6 2.g3 d5 3.Bg2 Nf6 4.Nf3 Bf5 5.cxd5 cxd5 6.Qb3 Qc8 7.Nc3 e6 8.d4 Nc6
9.Bf4 Bb4 10.Rc1 O-O 11.O-O Bxc3 12.bxc3 Na5 13.Qb4 b6 14.Ne5 Qa6 15.c4 Rac8
16.cxd5 Nxd5 17.Qd2 f6 18.e4 Nxf4 19.exf5 Ne2+ {#R} 0-1

[Event "It (open) \"]
[Site "masterchessopen.com - Paris (France)"]
[Round "7"]
[White "Belardello Mario-Jovani (FRA)"]
[Black "Chartier Louis (FRA)"]
[Result "1-0"]
[WhiteElo "1992"]
[BlackElo "1840"]

1.c4 c6 2.g3 d5 3.Bg2 Bf5 4.Qb3 Qc7 5.cxd5 e6 6.dxc6 Nxc6 7.d3 Nf6 8.Nf3 Be7
9.Nc3 O-O 10.O-O e5 11.Bg5 h6 12.Bxf6 Bxf6 13.Nd5 Qd7 14.Nxf6+ gxf6 15.Rfe1
Rfc8 16.Rec1 Qe7 17.a3 Be6 18.Qa4 a6 19.Qh4 Kh7 20.e3 Rd8 21.d4 exd4 22.Nxd4
Nxd4 23.exd4 {#r} 1-0

[Event "Ch France (team) (nat.2) 2004/05"]
[Site "masterchessopen.com - France"]
[Date "2005.01.08"]
[Round "5"]
[White "Colson Arnaud (FRA)"]
[Black "Lanoe Brendan (FRA)"]
[Result "1-0"]
[WhiteElo "2209"]
[BlackElo "1880"]

1.c4 c6 2.g3 Nf6 3.Bg2 d5 4.Nf3 Nbd7 5.cxd5 cxd5 6.d4 e6 7.O-O Bd6 8.Nc3 a6
9.Bf4 Nf8 10.Bxd6 Qxd6 11.Rc1 Ng6 12.Qd3 Bd7 13.Rfe1 Bc6 14.Nd2 Rd8 15.Nb3 O-O
16.Na5 Ne7 17.a3 Rfe8 18.b4 b5 19.Red1 Nd7 20.e4 dxe4 21.Nxe4 Qc7 22.Nxc6 Nxc6
23.Rxc6 {#r} 1-0

[Event "Ch France (team) (juniors) (nat.1)"]
[Site "masterchessopen.com - France"]
[Date "2005.12.18"]
[Round "4"]
[White "Coustance Kevin (FRA)"]
[Black "Delorme Axel (FRA)"]
[Result "0-1"]
[WhiteElo "2034"]
[BlackElo "2208"]

1.c4 c6 2.g3 Nf6 3.Bg2 d5 4.d4 dxc4 5.Nf3 g6 6.O-O Bg7 7.Nbd2 Be6 8.Qc2 b5
9.a4 h6 10.axb5 cxb5 11.Nh4 Bd5 12.e4 Bb7 13.e5 Bxg2 14.Kxg2 Qd5+ 15.Kg1 Nfd7
16.b3 c3 17.Qxc3 O-O 18.Ndf3 Nc6 19.Ng2 g5 20.Ne3 Qxf3 21.Qd3 Rfc8 {#R} 0-1

[Event "It (open) (b)"]
[Site "masterchessopen.com - Krakow (Poland)"]
[Round "6"]
[White "Jaroch Pawel (POL)"]
[Black "Niedzwiedzki Marek"]
[Result "1-0"]
[WhiteElo "2095"]
[BlackElo "1944"]

1.c4 c6 2.Nf3 Nf6 3.g3 g6 4.b3 Bg7 5.Bb2 O-O 6.Bg2 d5 7.O-O Qb6 8.Qc2 Rd8 9.d3
dxc4 10.bxc4 Na6 11.Nbd2 Bf5 12.Bc3 Nc5 13.e4 Bg4 14.d4 Ne6 15.h3 Bxf3 16.Nxf3
c5 17.Rab1 Qc7 18.d5 Nf8 19.Qb2 Rab8 20.Be5 Qd7 21.Bxb8 Rxb8 22.e5 Ne8 23.Qe2
{#r} 1-0

[Event "Ch Switzerland (team) 2006"]
[Site "masterchessopen.com - Switzerland"]
[Date "2006.03.26"]
[Round "2"]
[White "Patuzzo Fabricio (SUI)"]
[Black "Bucher Michael (SUI)"]
[Result "1-0"]
[WhiteElo "2310"]
[BlackElo "2327"]

1.c4 c6 2.Nf3 Nf6 3.g3 d5 4.Bg2 Bf5 5.O-O e6 6.d3 Bc5 7.Qb3 Qb6 8.Nc3 Nbd7
9.Na4 Qxb3 10.axb3 Be7 11.Bd2 O-O 12.b4 dxc4 13.dxc4 Ne4 14.b5 cxb5 15.cxb5
Ndc5 16.Be3 Rfd8 17.Nh4 Nb3 18.Nxf5 exf5 19.Rad1 a6 20.Rd3 Rxd3 21.exd3 Nd6
22.Nb6 Rd8 23.Bd5 f4 24.gxf4 Na5 25.b4 {#r} 1-0

[Event "Ch Mittelfranken (QT)"]
[Site "masterchessopen.com - Postbauer (Germany)"]
[Date "2006.04.13"]
[Round "4"]
[White "Rosmann Armin"]
[Black "Puehn Georg (GER)"]
[Result "0-1"]
[WhiteElo "1548"]
[BlackElo "2021"]

1.c4 c6 2.g3 d5 3.cxd5 cxd5 4.Bg2 Nf6 5.Nf3 Nc6 6.d4 Bf5 7.a3 e6 8.Nc3 Bd6
9.O-O O-O 10.Nh4 Bg4 11.f3 Bh5 12.Qd3 Rc8 13.e4 Nxd4 14.Bh3 Nb3 15.Rb1 dxe4
16.Nxe4 Nxe4 17.Qxb3 Rxc1 18.fxe4 Rxb1 19.Rxb1 g5 20.Qb5 a6 {#R} 0-1

[Event "Cup Ernst & Young"]
[Site "masterchessopen.com - Paris (France)"]
[Date "2006.05.13"]
[Round "1"]
[White "Govciyan Pavel (FRA)"]
[Black "Bourdonnais Loic (FRA)"]
[Result "1-0"]
[WhiteElo "2427"]
[BlackElo "2133"]

1.c4 c6 2.g3 d5 3.Bg2 dxc4 4.Na3 e5 5.Nxc4 f6 6.d3 Nd7 7.Nf3 Nh6 8.Bxh6 gxh6
9.O-O Bc5 10.Nfd2 Be7 11.e3 Nf8 12.Qh5+ Ng6 13.d4 O-O 14.dxe5 b5 15.exf6 Bxf6
16.Bxc6 bxc4 17.Qd5+ {#r} 1-0

[Event "Tournament (team)"]
[Site "masterchessopen.com - Germany"]
[Date "2006.10.05"]
[Round "1"]
[White "Rovenski Evjenij (RUS)"]
[Black "Loetzerich Rolf"]
[Result "1-0"]
[WhiteElo "2265"]
[BlackElo "2046"]

1.c4 c6 2.Qa4 Nf6 3.Nc3 d6 4.e4 Nfd7 5.g3 g6 6.Bg2 Bg7 7.Nge2 O-O 8.d3 Ne5
9.Qc2 c5 10.f4 Nec6 11.O-O Bd7 12.h3 Qc8 13.Be3 a6 14.a4 Nb4 15.Qd2 {#r} 1-0

[Event "Ch France (team) (nat.2) 2006/07"]
[Site "masterchessopen.com - France"]
[Date "2007.01.20"]
[Round "5"]
[White "Clarac Jean-Marie (FRA)"]
[Black "Peralta Fernando (ARG)"]
[Result "0-1"]
[WhiteElo "2146"]
[BlackElo "2546"]

1.c4 c6 2.g3 d5 3.Bg2 Nf6 4.Nf3 dxc4 5.Qc2 b5 6.b3 cxb3 7.axb3 Bb7 8.Bb2 Nbd7
9.d4 e6 10.O-O Be7 11.Rd1 Qb6 12.Ne5 Rc8 13.Nxd7 Nxd7 14.e4 O-O 15.Nc3 Rfd8
16.Qe2 a6 17.e5 Bf8 18.Ne4 c5 19.Nf6+ gxf6 20.Qg4+ Kh8 21.d5 Nxe5 22.Qh5 Bxd5
23.Bxd5 exd5 {#R} 0-1

[Event "It (open)"]
[Site "masterchessopen.com - Novosibirsk (Russia)"]
[Round "8"]
[White "Shakirov Alexander (KAZ)"]
[Black "Ziangirov Oleg (RUS)"]
[Result "0-1"]
[WhiteElo "1950"]
[BlackElo "1938"]

1.c4 c6 2.g3 d5 3.Qc2 Nf6 4.Bg2 e5 5.d3 Bf5 6.Nf3 Nbd7 7.O-O h6 8.b3 Bd6 9.Bb2
O-O 10.Nbd2 Bh7 11.a3 e4 12.Ne1 Re8 13.dxe4 dxe4 14.e3 Qe7 15.b4 c5 16.b5 Be5
17.Bh3 Rad8 18.Nb1 Bxb2 19.Qxb2 Ne5 20.Nc3 Nxc4 21.Qc2 Nd2 {#R} 0-1

[Event "It (open) \"]
[Site "masterchessopen.com - Pardubice (Czech Republic)"]
[Date "2007.07.14"]
[Round "5"]
[White "Zilka Stepan (CZE)"]
[Black "Vavra Pavel_ (CZE)"]
[Result "1-0"]
[WhiteElo "2479"]
[BlackElo "2287"]

1.c4 c6 2.Nf3 d5 3.e3 Bg4 4.Qb3 Qc7 5.cxd5 Bxf3 6.gxf3 cxd5 7.Bb5+ Nd7 8.Nc3
e6 9.d4 a6 10.Bd3 Ngf6 11.Bd2 Bd6 12.Rc1 Qb8 13.e4 e5 14.Nxd5 exd4 15.Nxf6+
Nxf6 16.Qa4+ b5 17.Qxd4 Bxh2 18.Bb4 a5 19.Bc5 Nd7 20.Rxh2 Qxh2 21.Bxb5 Qh3
22.Rd1 Rd8 {#r} 1-0

[Event "It (open)"]
[Site "masterchessopen.com - Goch (Germany)"]
[Date "2007.10.05"]
[Round "2"]
[White "Czajka Detlev"]
[Black "Bieker Peter"]
[Result "1-0"]
[WhiteElo "1733"]
[BlackElo "1241"]

1.c4 c6 2.g3 d5 3.Bg2 Nf6 4.b3 dxc4 5.bxc4 Qd4 6.Nc3 Ng4 7.Nh3 Qxc4 8.Ba3 Bf5
9.O-O Nd7 10.e4 Bg6 11.Qxg4 Nf6 12.Qf4 O-O-O 13.Qe3 b6 14.Nf4 c5 15.e5 Ng4
16.Qf3 h5 17.Qb7# 1-0

[Event "Bayern Landesliga North 2007/08"]
[Site "masterchessopen.com - Bayern (Germany)"]
[Date "2008.04.06"]
[Round "8"]
[White "Reiser Wolfgang (GER)"]
[Black "Dirmeier Matthias (GER)"]
[Result "0-1"]
[WhiteElo "2150"]
[BlackElo "1988"]

1.c4 c6 2.g3 d5 3.Bg2 Nf6 4.Nf3 Nbd7 5.b3 e5 6.O-O Bd6 7.Bb2 O-O 8.d3 Re8
9.cxd5 cxd5 10.Nc3 a6 11.Nd2 Nb6 12.a4 Be6 13.e4 Bb4 14.Nf3 dxe4 15.Nxe5 Qd4
16.Nc4 Bxc3 17.Bxc3 Qxc3 18.Nxb6 Rad8 19.Rc1 Qb4 20.Nc4 Rxd3 21.Qc2 Rxb3
22.Qe2 Rc8 23.Nd2 Rxc1 24.Rxc1 Rb2 25.Rd1 Bg4 {#R} 0-1

[Event "It (open) (c)"]
[Site "masterchessopen.com - Warsaw (Poland)"]
[Date "2008.08.04"]
[Round "3"]
[White "Wilczynski Adam (POL)"]
[Black "Gora Jan (POL)"]
[Result "1-0"]
[WhiteElo "1867"]
[BlackElo "1771"]

1.c4 c6 2.g3 d5 3.Bg2 e6 4.Qc2 f5 5.Nf3 Nf6 6.O-O Na6 7.a3 Nc7 8.d3 Be7 9.Nbd2
O-O 10.e4 dxc4 11.dxc4 Nce8 12.e5 Nd7 13.Nb3 Qc7 14.Re1 Nb6 15.Bf4 h6 16.h4
Kh8 17.Rad1 Rg8 18.Qc1 g5 19.hxg5 hxg5 20.Nxg5 Bxg5 21.Bxg5 Nxc4 22.Qxc4 {#r}
1-0

[Event "It (open) (b)"]
[Site "masterchessopen.com - Polanica Zdroj (Poland)"]
[Date "2008.08.21"]
[Round "3"]
[White "Wilczynski Adam (POL)"]
[Black "Swieszek Joanna (POL)"]
[Result "1-0"]
[WhiteElo "1867"]
[BlackElo "1858"]

1.c4 c6 2.g3 d5 3.Bg2 Nf6 4.Qc2 e5 5.d3 Bf5 6.Nf3 Nbd7 7.O-O Bd6 8.Nh4 Be6
9.cxd5 cxd5 10.Nc3 Rc8 11.Qb1 Qb6 12.Bd2 O-O 13.h3 d4 14.Na4 Qa6 15.b3 b5
16.Nb2 Nd5 17.a4 Nc3 18.Bxc3 Rxc3 19.axb5 Qxb5 20.Nc4 Be7 21.Nf3 Rxb3 22.Qa2
Bxc4 23.dxc4 Qxc4 24.Nd2 {#r} 1-0

[Event "Ch France (team) (nat.2) 2008/09"]
[Site "masterchessopen.com - France"]
[Date "2008.11.23"]
[Round "3"]
[White "Regniez Alexiane (FRA)"]
[Black "Imbert Etienne (FRA)"]
[Result "0-1"]
[WhiteElo "1707"]
[BlackElo "2007"]

1.c4 c6 2.g3 d5 3.b3 e5 4.Bg2 Be6 5.Qc2 f5 6.Nf3 Nd7 7.Bb2 Bd6 8.e3 Nh6 9.O-O
O-O 10.d4 e4 11.Nfd2 c5 12.cxd5 Bxd5 13.dxc5 Nxc5 14.Bd4 Nd3 15.Nc3 Rc8
16.Rfd1 a6 17.Bf1 Nb4 18.Qb1 Be6 19.a3 Nc6 20.Bc4 Nxd4 21.exd4 Qe7 22.Bxe6+
Qxe6 23.Qb2 e3 24.d5 exf2+ 25.Kxf2 Ng4+ {#R} 0-1

[Event "Tournament (open)"]
[Site "masterchessopen.com - Zhukovsky (Russia)"]
[Round "4"]
[White "Lylov Igor (RUS)"]
[Black "Ibragimov Ali (RUS)"]
[Result "1-0"]
[WhiteElo "2293"]
[BlackElo "2061"]

1.c4 c6 2.Nf3 Nf6 3.b3 d5 4.Bb2 g6 5.g3 Bg7 6.Bg2 O-O 7.O-O Na6 8.Na3 Re8
9.Nc2 Nc5 10.d4 Nce4 11.Ne5 Nd7 12.f3 Nef6 13.Nd3 Qc7 14.e4 dxe4 15.fxe4 Nf8
16.Qf3 e6 17.e5 {#r} 1-0

[Event "Ch Mittelfranken (team) 2008/09"]
[Site "masterchessopen.com - Germany"]
[Date "2009.03.08"]
[Round "7"]
[White "Hegele Juergen (GER)"]
[Black "Werner Thomas (GER)"]
[Result "0-1"]
[WhiteElo "1916"]
[BlackElo "2049"]

1.c4 c6 2.g3 Nf6 3.Bg2 d5 4.b3 e5 5.Bb2 Bd6 6.Nf3 Qe7 7.d3 Bg4 8.O-O Nbd7
9.Nbd2 e4 10.dxe4 dxe4 11.Ne1 e3 12.Ndf3 O-O-O 13.Nd3 Rhe8 14.Bd4 exf2+
15.Nxf2 Bc5 16.e3 Ne5 17.Nxg4 Nexg4 18.Re1 Nxe3 19.Bh3+ Kb8 20.Qd2 Qe4 {#R}
0-1

[Event "Oberliga Bayern 2008/09"]
[Site "masterchessopen.com - Bayern (Germany)"]
[Date "2009.03.15"]
[Round "8"]
[White "Stocker Rupert (GER)"]
[Black "Krauss Hermann (GER)"]
[Result "1-0"]
[WhiteElo "2137"]
[BlackElo "2132"]

1.c4 c6 2.g3 d5 3.Bg2 Nf6 4.Nf3 dxc4 5.a4 Qd5 6.Nc3 Qc5 7.b3 cxb3 8.Qxb3 Qb6
9.Qc2 e6 10.O-O Nbd7 11.a5 Qc7 12.d4 a6 13.e4 Be7 14.Nd2 b5 15.e5 Ng8 16.Nce4
Bb7 17.Ba3 Bxa3 18.Rxa3 Ne7 19.Nd6+ Kf8 20.N2e4 Nd5 21.Ng5 Ke7 22.Ngxf7 Rhf8
23.Bxd5 exd5 24.Qxh7 {#r} 1-0

[Event "Ch Germany (juniors) (Internet) (under 25) (qual2)"]
[Site "masterchessopen.com - Internet"]
[Date "2009.05.13"]
[Round "4"]
[White "Trella Thomas (GER)"]
[Black "Schwertler Philipp (GER)"]
[Result "1-0"]
[WhiteElo "2371"]
[BlackElo "2019"]

1.c4 c6 2.g3 d5 3.Bg2 Nf6 4.Nf3 a6 5.b3 dxc4 6.bxc4 Bf5 7.d3 e6 8.O-O Be7
9.Nbd2 O-O 10.a4 Nbd7 11.a5 b5 12.axb6 Nxb6 13.Ba3 Bxa3 14.Rxa3 Qd6 15.Qa1
Rfb8 16.Rxa6 h6 17.Rc1 Qc7 18.Rxa8 Rxa8 19.Qb2 Nfd7 20.Nd4 c5 21.Bxa8 {#r} 1-0

[Event "It \"]
[Site "masterchessopen.com - Pardubice (Czech Republic)"]
[Date "2009.07.19"]
[Round "7"]
[White "Gasanov Eldar (UKR)"]
[Black "Meduna Eduard (CZE)"]
[Result "1-0"]
[WhiteElo "2536"]
[BlackElo "2449"]

1.c4 c6 2.Nf3 d5 3.e3 Bg4 4.cxd5 Bxf3 5.Qxf3 cxd5 6.Nc3 Nf6 7.g4 e6 8.g5 Nfd7
9.h4 Nc6 10.d4 Be7 11.Bd2 a6 12.Rc1 O-O 13.Bd3 f5 14.gxf6 Nxf6 15.Qh3 Qd7
16.h5 e5 17.Qxd7 Nxd7 18.Nxd5 {#r} 1-0

[Event "It (open) (b)"]
[Site "masterchessopen.com - Vladimir (Russia)"]
[Date "2009.08.24"]
[Round "5"]
[White "Teverovsky Alexander (RUS)"]
[Black "Yefimov Mstislav (RUS)"]
[Result "1-0"]
[WhiteElo "2171"]
[BlackElo "1999"]

1.c4 c6 2.g3 d5 3.Bg2 Nf6 4.Nf3 dxc4 5.O-O Bf5 6.a4 e6 7.Na3 h6 8.Nxc4 Nbd7
9.a5 a6 10.d3 Be7 11.Be3 O-O 12.Qb3 Qc8 13.Rfc1 Bh7 14.Bd4 Nd5 15.Nfe5 Nxe5
16.Bxe5 Ra7 17.Bd4 c5 18.Nb6 Qd8 19.Bxc5 Bxc5 20.Rxc5 Qd6 21.Rac1 Rd8 {#r} 1-0

[Event "Ch Finland (team) 2009/10 (I Division)"]
[Site "masterchessopen.com - Finland"]
[Date "2009.11.14"]
[Round "5"]
[White "Salokangas Hannu (FIN)"]
[Black "Boissonnier Kimo (FRA)"]
[Result "1-0"]
[WhiteElo "2192"]
[BlackElo "2038"]

1.c4 c6 2.g3 Nf6 3.Bg2 d5 4.Nf3 Bg4 5.O-O e6 6.b3 dxc4 7.bxc4 Bxf3 8.Bxf3 Qd4
9.Qb3 Nbd7 10.Bb2 Qb6 11.Qc2 Bc5 12.Nc3 Bd4 13.Na4 Qa6 14.Bxd4 e5 15.Nc5 {#r}
1-0

[Event "It \"]
[Site "masterchessopen.com - Werther (Germany)"]
[Date "2010.03.27"]
[Round "5"]
[White "Matamoros Franco Carlos S (ECU)"]
[Black "Schneider Ilja (GER)"]
[Result "1-0"]
[WhiteElo "2542"]
[BlackElo "2519"]

1.c4 c6 2.g3 Nf6 3.Bg2 d5 4.Nf3 dxc4 5.O-O e6 6.a4 Nbd7 7.Qc2 Nc5 8.Na3 Nb3
9.Rb1 Qa5 10.Nxc4 Qb4 11.d4 Be7 12.Be3 O-O 13.Nfe5 Na5 14.b3 Nxc4 15.Nxc4 Bd8
16.Bf4 Ne8 17.Bc1 {#r} 1-0

[Event "It (open) (b)"]
[Site "masterchessopen.com - Mogliano Veneto (Italy)"]
[Date "2010.04.30"]
[Round "1"]
[White "Zangrando Giampietro (ITA)"]
[Black "Pasqualetto Lorenzo (ITA)"]
[Result "1-0"]
[WhiteElo "1822"]
[BlackElo "1709"]

1.c4 c6 2.g3 Nf6 3.Bg2 d5 4.cxd5 cxd5 5.e3 e5 6.Ne2 Nc6 7.O-O Bc5 8.d4 exd4
9.exd4 Bb6 10.Bg5 Be6 11.Nbc3 h6 12.Bxf6 Qxf6 13.Nxd5 Bxd5 14.Bxd5 Nxd4
15.Nxd4 Bxd4 16.Qa4+ Kf8 17.Rad1 Bb6 18.Rd3 Qg5 19.Be4 Qg4 20.Qb4+ {#r} 1-0

[Event "It (open)"]
[Site "masterchessopen.com - Stockholm (Sweden)"]
[Date "2010.05.13"]
[Round "3"]
[White "Holving Rasmus (SWE)"]
[Black "Aperia Jakob (SWE)"]
[Result "1-0"]
[WhiteElo "2209"]
[BlackElo "2071"]

1.c4 c6 2.Qa4 e5 3.Nc3 Nf6 4.Nf3 d6 5.d4 exd4 6.Nxd4 Nbd7 7.Bg5 Nc5 8.Qc2 a5
9.O-O-O Ne6 10.h4 h6 11.Bxf6 Qxf6 12.Ne4 Qf4+ 13.e3 Nxd4 14.Rxd4 Qe5 15.Nxd6+
{#r} 1-0

[Event "Ch Germany (juniors) (Internet) (under 14) (qual3)"]
[Site "masterchessopen.com - Internet"]
[Date "2010.06.09"]
[Round "7"]
[White "Muth Matthias (GER)"]
[Black "Wastian Jan (GER)"]
[Result "1-0"]
[WhiteElo "2006"]
[BlackElo "1610"]

1.c4 c6 2.g3 d5 3.cxd5 cxd5 4.Nf3 e6 5.Bg2 Nf6 6.O-O Bd6 7.d4 O-O 8.Nc3 Nc6
9.Bg5 b6 10.Re1 Bb7 11.e4 dxe4 12.Nxe4 Bc7 13.Qc1 Nb4 14.Bxf6 gxf6 15.Qh6 Bxe4
16.Rxe4 Qd5 17.Rg4+ Qg5 18.Nxg5 fxg5 19.Rxg5+ Kh8 20.Qg7# 1-0

[Event "Ch Germany (juniors) (Internet) (under 18) (qual4)"]
[Site "masterchessopen.com - Internet"]
[Date "2010.06.14"]
[Round "7"]
[White "Will Patrick (GER)"]
[Black "Begri Felix (GER)"]
[Result "0-1"]
[WhiteElo "1962"]
[BlackElo "1902"]

1.c4 c6 2.g3 d5 3.b3 dxc4 4.bxc4 Qd4 5.Nc3 Qxc4 6.e4 Qc5 7.Qb3 Nf6 8.Ba3 Qb6
9.Qc2 e5 10.Bxf8 Rxf8 11.Rb1 Qa5 12.Bc4 Nbd7 13.Nf3 Nb6 14.Bb3 Bg4 15.Qd3 Rd8
16.Qe3 Bh5 17.O-O Bxf3 18.Qxf3 Rxd2 19.Rbd1 Rb2 20.Na4 Nxa4 21.Qd3 Nc3 22.Rc1
Ne2+ 23.Kg2 Nxc1 24.Rxc1 Qd2 {#R} 0-1

[Event "It \"]
[Site "masterchessopen.com - Hamburg (Germany)"]
[Date "2010.07.15"]
[Round "7"]
[White "Kalauch Jonathan"]
[Black "Groening Finn Jonathan (GER)"]
[Result "0-1"]
[WhiteElo "1122"]
[BlackElo "1828"]

1.c4 c6 2.g3 d5 3.cxd5 cxd5 4.Bg2 Nf6 5.e3 Nc6 6.Ne2 e5 7.O-O Bf5 8.f4 e4
9.Qa4 Qd7 10.Nd4 Nxd4 11.Qxd4 Bh3 12.Nc3 Bxg2 13.Kxg2 h5 14.h3 Be7 15.Rh1 h4
16.g4 Rd8 17.Qa4 Qxa4 18.Nxa4 d4 19.b3 O-O 20.Bb2 b5 21.Bxd4 bxa4 22.Bxa7
Rxd2+ 23.Kf1 Ra8 24.Ke1 Bb4 {#R} 0-1

[Event "Ch Netherlands (open) (juniors) (under 20)"]
[Site "masterchessopen.com - Enschede (Netherlands)"]
[Date "2010.08.14"]
[Round "9"]
[White "Van Der Vlies Franklin"]
[Black "Glasbeek Paul"]
[Result "0-1"]
[WhiteElo "1406"]
[BlackElo "1549"]

1.c4 c6 2.g3 Nf6 3.Bg2 d5 4.cxd5 cxd5 5.d4 Bf5 6.Nc3 e6 7.Nf3 Nc6 8.O-O Be7
9.Nh4 Bg4 10.f3 Bh5 11.a3 O-O 12.f4 Qb6 13.Qd3 Qxd4+ 14.Be3 Qxd3 15.exd3 Ng4
16.Bd2 Bc5+ {#R} 0-1

[Event "Czech League 2010/11 (2nd) (d)"]
[Site "masterchessopen.com - Czech Republic"]
[Date "2010.11.21"]
[Round "3"]
[White "Mudra Tomas (CZE)"]
[Black "Tuma Jiri (CZE)"]
[Result "0-1"]
[WhiteElo "2182"]
[BlackElo "2264"]

1.c4 c6 2.g3 d5 3.Bg2 Nf6 4.Nf3 dxc4 5.Qc2 Qd5 6.Nc3 Qh5 7.h3 Na6 8.g4 Qa5
9.Nd1 Qc5 10.a3 h5 11.g5 Nd5 12.Qe4 g6 13.Ne5 Bg7 14.Nxc4 Bf5 15.Qh4 e5 16.d3
Be6 17.O-O O-O 18.Qg3 Qd4 19.e3 h4 20.exd4 hxg3 21.dxe5 Nc5 22.f4 Nxd3 23.Nd6
Nxc1 24.Rxc1 Nxf4 25.Nxb7 Ne2+ {#R} 0-1

[Event "It (open)"]
[Site "masterchessopen.com - Pavlodar (Kazakhstan)"]
[Date "2010.12.01"]
[Round "2"]
[White "Dvoirys Semen I (RUS)"]
[Black "Akkozov Berik (KAZ)"]
[Result "1-0"]
[WhiteElo "2583"]
[BlackElo "2288"]

1.c4 c6 2.Nf3 d5 3.Qa4 a6 4.cxd5 b5 5.Qb3 cxd5 6.a4 b4 7.Qxb4 e5 8.Qc3 d4
9.Qc2 Be6 10.e3 Ra7 11.Nxe5 Rc7 12.Qd1 dxe3 13.fxe3 Qh4+ 14.Ke2 Bd6 15.Nf3
Qc4+ 16.Kf2 Qxc1 17.Bb5+ axb5 18.Qxc1 Rxc1 19.Rxc1 bxa4 20.Nc3 Nf6 21.Nb5 {#r}
1-0

[Event "It (open) (juniors) (under 20)"]
[Site "masterchessopen.com - Valpovo (Croatia)"]
[Date "2010.12.05"]
[Round "6"]
[White "Patarcic Domagoj (CRO)"]
[Black "Jambrusic Zvonimir (CRO)"]
[Result "0-1"]
[WhiteElo "1999"]
[BlackElo "1839"]

1.c4 c6 2.g3 d5 3.cxd5 cxd5 4.Bg2 Nf6 5.Nf3 Bf5 6.O-O e6 7.d3 Bc5 8.Nc3 O-O
9.a3 a5 10.Bg5 Be7 11.Qb3 Nbd7 12.Rfe1 Nc5 13.Qb5 a4 14.Bxf6 gxf6 15.b4 axb3
16.d4 Ra5 17.Qb4 Nd3 18.Qxb3 Nxe1 19.Nxe1 Qa8 20.a4 Rc8 21.f3 Qa7 22.Nb5 Rxb5
{#R} 0-1

[Event "Tournament (open)"]
[Site "masterchessopen.com - Brasilia (Brazil)"]
[Date "2011.01.26"]
[Round "6"]
[White "Oliveira Jose Irio Rodrigues"]
[Black "Aguiar Lucas (BRA)"]
[Result "0-1"]
[WhiteElo "1929"]
[BlackElo "2157"]

1.c4 c6 2.Nf3 d5 3.cxd5 cxd5 4.g3 Nc6 5.Bg2 Nf6 6.d4 e6 7.O-O Be7 8.Nc3 O-O
9.a3 Bd7 10.Bg5 Ne4 11.Nxe4 dxe4 12.Bxe7 Qxe7 13.Nd2 f5 14.e3 e5 15.dxe5 Nxe5
16.Rc1 Qe6 17.Bh3 Bb5 18.Nxe4 Rfd8 19.Qh5 g6 20.Ng5 Qe7 21.Qh6 Qxg5 {#R} 0-1